书目信息 |
| 题名: |
从"中国制造"到"中国智造"
|
|
| 作者: | 胡钰 著 | |
| 分册: | ||
| 出版信息: | 北京 人民出版社 2008.01 |
|
| 页数: | 106页 | |
| 开本: | 20cm | |
| 丛书名: | ||
| 单 册: | ||
| 中图分类: | G322.0 | |
| 科图分类: | ||
| 主题词: | 科教兴国 | |
| 电子资源: | ||
| ISBN: | 978-7-01-006780-3 | |
| 000 | 00700nam0 2200217 450 | |
| 001 | 0835011631 | |
| 005 | 20081209143126.26 | |
| 010 | @a978-7-01-006780-3@dCNY6.50 | |
| 100 | @a20081209d2008 km y0chiy0120 ea | |
| 101 | 0 | @achi |
| 102 | @aCN@b110000 | |
| 200 | 1 | @a从"中国制造"到"中国智造"@Acong"zhong guo zhi zao"dao"zhong guo zhi zao"@e为什么要建设创新型国家@f胡钰著@Fhu yu zhu |
| 210 | @a北京@c人民出版社@d2008.01 | |
| 215 | @a106页@d20cm | |
| 300 | @a十七大热点通俗读物 | |
| 517 | 1 | @a为什么要建设创新型国家@Awei shi mo yao jian she chuang xin xing guo jia |
| 606 | 0 | @a科教兴国 |
| 690 | @aG322.0@v4 | |
| 701 | 0 | @a胡钰@Ahu yu@4著 |
| 801 | 0 | @aCN@bNISOFT@c20081209 |
| 905 | @aBZT@dG322.0@e1@f5 | |
| 从"中国制造"到"中国智造":为什么要建设创新型国家/胡钰著.-北京:人民出版社,2008.01 |
| 106页;20cm |
| 十七大热点通俗读物 |
| ISBN 978-7-01-006780-3:CNY6.50 |
| ● |
| 相关链接 |
|
|
|
正题名:从"中国制造"到"中国智造"
索取号:G322.0/1
 
预约/预借
| 序号 | 登录号 | 条形码 | 馆藏地/架位号 | 状态 | 备注 |
| 1 | 0688762 | 2000688762 | 样本书库/样007架B面3层3列/ [索取号:G322.0/1] | 在馆 | |
| 2 | 0688763 | 2000688763 | 中心书库北库/ 北库032架A面1列5层57/ [索取号:G322.0/1] | 在馆 | |
| 3 | 0688764 | 2000688764 | 中心书库北库/ 北库032架A面1列5层56/ [索取号:G322.0/1] | 在馆 | |
| 4 | 0688765 | 2000688765 | 中心书库北库/ 北库032架A面1列5层55/ [索取号:G322.0/1] | 在馆 | |
| 5 | 0688766 | 2000688766 | 中心书库北库/ 北库032架A面1列5层54/ [索取号:G322.0/1] | 在馆 |